Datum a čas kvízu
33.5
Celkem bodů
Celkový počet nahraných bodů na tomto kvízu bez doplňovacích otázek.
3.
Pořadí na kvízu
Konečné umístění týmu na tomto kvízu.
Zaznamenané odpovědi
| # | Otázka | Odpověď | Body | Výsledky |
|---|---|---|---|---|
| 1. | Automobilka Škoda v minulém tý... | Laurin & Klement Kampus | 1 | |
| 2. | Papež František schválil svato... | Boží influencer | 0 | |
| 3. | Která hollywoodská herečka si... | Scarlett Johansson | 1 | |
| 4. | Je možné, že si v brzké době p... | Mondeléz (Mondeléz International) | 1 | |
| 5. | Který klub, jenž byl ještě ned... | Příbram | 1 | |
| 6. | Jak se nazývají dva nejdůležit... | Franská říše, Byzantská (Východořímská) říše | 0.5 | |
| 7. | Jak se jmenoval významný střed... | Magna Carta (Magna charta libertatum) | 1 | |
| 8. | Kdo byl zakladatelem a prvním... | Bořivoj | 0 | |
| 9. | Vytvořte z těchto středověkých... | 1C 2D 3B 4A | 0 | |
| 10. | Závěrem tématu se podíváme na... | tulipán | 1 |